Cisco : (Record no. 176356)

000 -LEADER
fixed length control field 01381 a2200313 4500
003 - CONTROL NUMBER IDENTIFIER
control field Nust
005 - DATE AND TIME OF LATEST TRANSACTION
control field 20220729090337.0
010 ## - LIBRARY OF CONGRESS CONTROL NUMBER
LC control number 2004275103
020 ## - INTERNATIONAL STANDARD BOOK NUMBER
International Standard Book Number 0072256354
040 ## - CATALOGING SOURCE
Transcribing agency Nust
082 00 - DEWEY DECIMAL CLASSIFICATION NUMBER
Classification number 004.6,VEL
100 1# - MAIN ENTRY--PERSONAL NAME
Personal name Velte, Anthony T.
9 (RLIN) 95716
245 10 - TITLE STATEMENT
Title Cisco :
Remainder of title a beginner's guide /
Statement of responsibility, etc. Anthony T. Velte, Toby J. Velte.
250 ## - EDITION STATEMENT
Edition statement 3rd ed.
260 ## - PUBLICATION, DISTRIBUTION, ETC.
Place of publication, distribution, etc. New York :
Name of publisher, distributor, etc. McGraw-Hill/Osborne,
Date of publication, distribution, etc. c2004.
300 ## - PHYSICAL DESCRIPTION
Extent xxviii, 737 p. :
Other physical details ill. ;
Dimensions 24 cm.
440 #0 - SERIES STATEMENT/ADDED ENTRY--TITLE
Title Network professional's library
9 (RLIN) 95717
505 ## - FORMATTED CONTENTS NOTE
Formatted contents note Part 1.Cisco Over view (Page-3), Part 2. Cisco Interworking tools (Page-131), Part 3. Cisco business solution (Page-437), Part 4. Designing cisco networks (Page-527).
610 20 - SUBJECT ADDED ENTRY--CORPORATE NAME
Corporate name or jurisdiction name as entry element Cisco Systems, Inc.
9 (RLIN) 95718
650 #0 - SUBJECT ADDED ENTRY--TOPICAL TERM
Topical term or geographic name entry element Computer networks
General subdivision Design and construction.
9 (RLIN) 94270
650 #0 - SUBJECT ADDED ENTRY--TOPICAL TERM
Topical term or geographic name entry element Internetworking (Telecommunication)
9 (RLIN) 81637
650 #0 - SUBJECT ADDED ENTRY--TOPICAL TERM
Topical term or geographic name entry element Local area networks (Computer networks)
650 #0 - SUBJECT ADDED ENTRY--TOPICAL TERM
Topical term or geographic name entry element TCP/IP (Computer network protocol)
9 (RLIN) 24824
700 1# - ADDED ENTRY--PERSONAL NAME
Personal name Velte, Anthony T.
9 (RLIN) 95716
856 42 - ELECTRONIC LOCATION AND ACCESS
Materials specified Contributor biographical information
Uniform Resource Identifier <a href="http://www.loc.gov/catdir/enhancements/fy0705/2004275103-b.html">http://www.loc.gov/catdir/enhancements/fy0705/2004275103-b.html</a>
856 42 - ELECTRONIC LOCATION AND ACCESS
Materials specified Publisher description
Uniform Resource Identifier <a href="http://www.loc.gov/catdir/enhancements/fy0620/2004275103-d.html">http://www.loc.gov/catdir/enhancements/fy0620/2004275103-d.html</a>
856 42 - ELECTRONIC LOCATION AND ACCESS
Materials specified Table of contents only
Uniform Resource Identifier <a href="http://www.loc.gov/catdir/enhancements/fy0620/2004275103-t.html">http://www.loc.gov/catdir/enhancements/fy0620/2004275103-t.html</a>
942 ## - ADDED ENTRY ELEMENTS (KOHA)
Source of classification or shelving scheme
Koha item type Book
Call number prefix 004.6,VEL
Holdings
Withdrawn status Lost status Source of classification or shelving scheme Damaged status Not for loan Permanent Location Current Location Shelving location Date acquired Total Checkouts Full call number Barcode Date last seen Date last checked out Price effective from Koha item type Public note
          Military College of Signals (MCS) Military College of Signals (MCS) General Stacks 12/12/2016 2 004.6,VEL MCS31741 12/13/2024 12/05/2024 12/12/2016 Book Almirah No.8, Shelf No.3
© 2023 Central Library, National University of Sciences and Technology. All Rights Reserved.